[Event "Oruro Baptista Memorial"]
[Site "Oruro"]
[Date "2023.11.01"]
[Round "1"]
[White "Vargas Quispe, Maciel Celin"]
[Black "Carbajal, Augusto"]
[Result "0-1"]
[WhiteElo "1251"]
[BlackElo "2163"]
[PlyCount "62"]
[EventDate "2023.11.01"]
[EventType "swiss"]
[EventRounds "9"]
[EventCountry "BOL"]
[SourceTitle "Mega2024 Update 01"]
[Source "Chessbase"]
[SourceDate "2023.11.12"]
[SourceVersion "1"]
[SourceVersionDate "2023.11.12"]
[SourceQuality "1"]

1. d4 Nf6 2. c4 e6 3. Nc3 d5 4. Bg5 Be7 5. e3 0-0 6. Nf3 c6 7. c5 Nbd7 8. Be2 Re8 9. 0-0 e5 10. Nxe5 Nxe5 11. dxe5 Nd7 12. Bxe7 Qxe7 13. b4 Qxe5 14. Qd4 Qe7 15. Rfe1 a5 16. a3 Nf8 17. Bd3 axb4 18. axb4 Ne6 19. Qe5 Rxa1 20. Rxa1 Qd8 21. Qh5 g6 22. Qf3 Qh4 23. g3 Qxb4 24. Na4 Nxc5 25. Qd1 Nxd3 26. Qxd3 Bf5 27. Qf1 Ra8 28. Qd1 Bh3 29. f3 Ra5 30. g4 b5 31. Nb6 Qb2 0-1

[Event "Lima zt 2.4 "]
[Site "Lima"]
[Date "2015.05.08"]
[Round "6"]
[White "Delgado Romero, Marco"]
[Black "Carbajal, Augusto"]
[Result "0-1"]
[WhiteElo "1698"]
[BlackElo "2221"]
[PlyCount "66"]
[EventDate "2015.05.04"]
[EventType "swiss"]
[EventRounds "9"]
[EventCountry "PER"]
[SourceTitle "CBM 166 Extra"]
[Source "ChessBase"]
[SourceDate "2015.06.18"]
[SourceVersion "1"]
[SourceVersionDate "2015.06.18"]
[SourceQuality "1"]

1. d4 Nf6 2. Nf3 g6 3. c4 c5 4. d5 b5 5. cxb5 a6 6. b6 Qxb6 7. Nc3 d6 8. Nd2 Bg7 9. Nc4 Qc7 10. e4 0-0 11. Be2 Nbd7 12. Bf4 Rb8 13. 0-0 Nb6 14. Ne3 Ne8 15. Bg3 Qb7 16. Qd3 Nc7 17. Bh4 Re8 18. Rab1 a5 19. b3 Qa8 20. Qc2 Bd7 21. a4 Rb7 22. Rfd1 Bd4 23. Bf3 Qb8 24. Ng4 Bg7 25. e5 Bxg4 26. exd6 Bxf3 27. dxc7 Qxc7 28. gxf3 Qf4 29. Bg3 Qxf3 30. Nb5 Nxd5 31. Qxc5 Rd7 32. Nd6 exd6 33. Qxd5 Re1+ 0-1

[Event "Lima IPD Cup"]
[Site "Lima"]
[Date "2013.01.22"]
[Round "2"]
[White "Carbajal, Augusto"]
[Black "Arias Gaviria, Mario Alexis"]
[Result "1/2-1/2"]
[WhiteElo "2185"]
[BlackElo "2094"]
[PlyCount "50"]
[EventDate "2013.01.22"]
[EventType "swiss"]
[EventRounds "9"]
[EventCountry "PER"]
[SourceTitle "CBM 152 Extra"]
[Source "ChessBase"]
[SourceDate "2013.02.25"]
[SourceVersion "1"]
[SourceVersionDate "2013.02.25"]
[SourceQuality "1"]

1. e4 e5 2. Nf3 Nc6 3. Bb5 a6 4. Ba4 Nf6 5. 0-0 b5 6. Bb3 Be7 7. Re1 0-0 8. h3 d6 9. c3 Nb8 10. d4 Nbd7 11. Nbd2 Bb7 12. Bc2 Re8 13. Nf1 Bf8 14. Ng3 g6 15. Bg5 h6 16. Bd2 Bg7 17. a4 c6 18. Be3 Qc7 19. Qd2 Kh7 20. dxe5 dxe5 21. Nh2 Nb6 22. Qe2 Nc4 23. Bc1 Rad8 24. b3 Nb6 25. Be3 Nbd7 1/2-1/2

[Event "Lima GP IRT op"]
[Site "Lima"]
[Date "2013.??.??"]
[Round "1"]
[White "Carbajal, Augusto"]
[Black "Maravi Ceron, Jhon"]
[Result "1-0"]
[WhiteElo "2193"]
[BlackElo "1547"]
[PlyCount "47"]
[EventDate "2013.08.21"]
[EventType "swiss"]
[EventRounds "9"]
[EventCountry "PER"]
[SourceTitle "CBM 156 Extra"]
[Source "ChessBase"]
[SourceDate "2013.10.22"]
[SourceVersion "1"]
[SourceVersionDate "2013.10.22"]
[SourceQuality "1"]

1. e4 e6 2. d4 d5 3. Nd2 Nf6 4. e5 Nfd7 5. Bd3 c5 6. c3 Nc6 7. Ne2 Be7 8. 0-0 0-0 9. f4 f6 10. Nf3 fxe5 11. fxe5 b6 12. Nf4 Ndb8 13. Qc2 Rxf4 14. Bxh7+ Kh8 15. Bxf4 cxd4 16. Ng5 Bxg5 17. Bxg5 Ne7 18. Bxe7 Qxe7 19. Qg6 Nd7 20. Qh5 g6 21. Bxg6+ Kg8 22. Bf7+ Kg7 23. Qg6+ Kf8 24. Qg8# 1-0

[Event "Lima GP IRT op"]
[Site "Lima"]
[Date "2013.??.??"]
[Round "6"]
[White "Carbajal, Augusto"]
[Black "Terry, Renato"]
[Result "1/2-1/2"]
[WhiteElo "2193"]
[BlackElo "2447"]
[PlyCount "23"]
[EventDate "2013.08.21"]
[EventType "swiss"]
[EventRounds "9"]
[EventCountry "PER"]
[SourceTitle "CBM 156 Extra"]
[Source "ChessBase"]
[SourceDate "2013.10.22"]
[SourceVersion "1"]
[SourceVersionDate "2013.10.22"]
[SourceQuality "1"]

1. e4 e6 2. d4 d5 3. Nd2 Be7 4. e5 c5 5. Qg4 Kf8 6. dxc5 Nc6 7. Ndf3 h5 8. Qf4 g5 9. Qe3 Nh6 10. Bd3 Ng4 11. Qe2 Qc7 12. Nh3 1/2-1/2

[Event "Lima Morales Memorial op 2nd"]
[Site "Lima"]
[Date "2012.01.28"]
[Round "6"]
[White "Carbajal, Augusto"]
[Black "Cisneros Avendano, Diego Martin"]
[Result "1-0"]
[WhiteElo "2230"]
[BlackElo "1844"]
[PlyCount "115"]
[EventDate "2012.01.21"]
[EventType "swiss"]
[EventRounds "9"]
[EventCountry "PER"]
[SourceTitle "EXT 2014"]
[Source "ChessBase"]
[SourceDate "2013.11.20"]
[SourceVersion "1"]
[SourceVersionDate "2013.11.20"]
[SourceQuality "1"]

1. e4 e6 2. d4 d5 3. Nd2 Be7 4. Ngf3 c5 5. dxc5 Bxc5 6. Bd3 Nf6 7. Qe2 Nc6 8. Nb3 Be7 9. e5 Nd7 10. c3 Qc7 11. Bf4 b6 12. 0-0 Nc5 13. Bb5 Bd7 14. Nbd4 0-0 15. Rfe1 Rac8 16. Ba6 Nxa6 17. Qxa6 Na5 18. Qe2 Qc4 19. Qd2 Rc7 20. Re2 Rfc8 21. Re3 Qa6 22. Ne1 Bc5 23. Rh3 Bxd4 24. cxd4 Qb5 25. b3 Nc6 26. Rg3 Qb4 27. Rxg7+ Kf8 28. Qxb4+ Nxb4 29. Bh6 Bb5 30. h4 Nc2 31. Nxc2 Rxc2 32. Rxh7+ Ke7 33. Bg5+ Ke8 34. h5 Bd3 35. Rg7 a5 36. h6 Kd7 37. Rxf7+ Kc6 38. Bf6 Rc7 39. Rxc7+ Kxc7 40. f3 Bg6 41. Bg5 Kb7 42. Kh2 Ka6 43. Kg3 Kb5 44. Be7 Rd2 45. Kf4 Rxg2 46. a4+ Kc6 47. Rc1+ Kb7 48. Bd6 Rh2 49. Kg5 Bf5 50. Rc7+ Ka6 51. Rf7 Rg2+ 52. Kf4 Rh2 53. Rxf5 exf5 54. Kg5 Kb7 55. Be7 Kc8 56. e6 f4 57. Kg6 Rg2+ 58. Bg5 1-0

[Event "PER-ch"]
[Site "Lima"]
[Date "2004.03.07"]
[Round "3.2"]
[White "Carbajal, Augusto"]
[Black "Pacheco, Marco"]
[Result "0-1"]
[WhiteElo "2195"]
[BlackElo "2304"]
[PlyCount "38"]
[EventDate "2004.03.05"]
[EventType "k.o."]
[EventRounds "8"]
[EventCountry "PER"]
[SourceTitle "CBM 099 Extra"]
[Source "ChessBase"]
[SourceDate "2004.05.04"]
[SourceVersion "1"]
[SourceVersionDate "2004.05.04"]
[SourceQuality "1"]

1. e4 e6 2. d4 d5 3. Nd2 c5 4. exd5 Qxd5 5. Ngf3 cxd4 6. Bc4 Qd6 7. 0-0 Nf6 8. Nb3 Nc6 9. Nbxd4 Nxd4 10. Nxd4 a6 11. Re1 Qc7 12. Bb3 Bd6 13. Nf5 Bxh2+ 14. Kh1 0-0 15. Nxg7 Rd8 16. Qf3 Kxg7 17. Bh6+ Kg6 18. c3 Nh5 19. Bc1 Bf4 0-1

[Event "PER-ch"]
[Site "Lima"]
[Date "1999.02.21"]
[Round "10"]
[White "Carbajal, Augusto"]
[Black "Salazar, Carlos"]
[Result "1-0"]
[WhiteElo "2187"]
[BlackElo "2243"]
[PlyCount "57"]
[EventDate "1999.02.??"]
[EventType "swiss"]
[EventRounds "9"]
[EventCountry "PER"]
[SourceTitle "EXT 2000"]
[Source "ChessBase"]
[SourceDate "1999.11.16"]
[SourceVersion "1"]
[SourceVersionDate "1999.11.16"]
[SourceQuality "1"]

1. e4 c6 2. d4 d5 3. Nc3 dxe4 4. Nxe4 Bf5 5. Ng3 Bg6 6. Bc4 e6 7. N1e2 Nf6 8. Nf4 Bd6 9. h4 Nd5 10. Bxd5 Bxf4 11. Bxf4 Qxd5 12. 0-0 h5 13. Re1 Nd7 14. b3 c5 15. c4 Qxd4 16. Qf3 0-0-0 17. Rad1 Qb2 18. Rd2 Qa3 19. Red1 e5 20. Rxd7 Rxd7 21. Rxd7 Kxd7 22. Qxb7+ Kd8 23. Bg5+ f6 24. Qb8+ Ke7 25. Qxh8 fxg5 26. Qxg7+ Bf7 27. Qxg5+ Kf8 28. Nf5 Qxa2 29. Qd8+ 1-0

[Event "PER-ch sf"]
[Site "Lima"]
[Date "1998.??.??"]
[Round "7"]
[White "Carbajal, Augusto"]
[Black "Ledesma, Otoniel"]
[Result "1/2-1/2"]
[WhiteElo "2200"]
[BlackElo "2270"]
[PlyCount "87"]
[EventDate "1998.??.??"]
[EventType "swiss"]
[EventRounds "11"]
[EventCountry "PER"]
[SourceTitle "EXT 2000"]
[Source "ChessBase"]
[SourceDate "1999.11.16"]
[SourceVersion "1"]
[SourceVersionDate "1999.11.16"]
[SourceQuality "1"]

1. e4 c5 2. Nf3 Nc6 3. d4 cxd4 4. Nxd4 a6 5. Nc3 e6 6. g3 Qc7 7. Bg2 b5 8. 0-0 Bb7 9. Re1 d6 10. Nd5 exd5 11. Nxc6 dxe4 12. Bxe4 Ne7 13. Nxe7 Bxe7 14. Bxb7 Qxb7 15. Qxd6 Kf8 16. Qd3 Rd8 17. Qe2 h5 18. Be3 h4 19. Rad1 Rc8 20. Bd4 hxg3 21. fxg3 Rh6 22. c3 Bd6 23. Qg2 Qc7 24. a3 Rg6 25. Rd3 Kg8 26. Rde3 Qd7 27. Qe2 Kh7 28. Rf1 Rg5 29. Ref3 f6 30. Qe4+ Kg8 31. Rf5 Rxf5 32. Qxf5 Qxf5 33. Rxf5 Kf7 34. Kf2 Ke6 35. Rf3 Kd5 36. Re3 a5 37. Ke2 Kc4 38. Re6 Kd5 39. Re3 Kc4 40. Re6 Kd5 41. Re3 Kc4 42. Re6 Kd5 43. Re3 Kc4 44. Re6 1/2-1/2

[Event "PER-ch sf"]
[Site "Lima"]
[Date "1998.??.??"]
[Round "8"]
[White "Munoz Pantoja, Miguel Angel"]
[Black "Carbajal, Augusto"]
[Result "1/2-1/2"]
[WhiteElo "2310"]
[BlackElo "2200"]
[PlyCount "144"]
[EventDate "1998.??.??"]
[EventType "swiss"]
[EventRounds "11"]
[EventCountry "PER"]
[SourceTitle "EXT 2000"]
[Source "ChessBase"]
[SourceDate "1999.11.16"]
[SourceVersion "1"]
[SourceVersionDate "1999.11.16"]
[SourceQuality "1"]

1. e4 c5 2. Ne2 Nc6 3. Nbc3 g6 4. g3 Bg7 5. Bg2 d6 6. 0-0 e6 7. d3 Nge7 8. Be3 Nd4 9. Qd2 0-0 10. f4 Bd7 11. Nd1 Rc8 12. Nc1 Ndc6 13. c3 Kh8 14. g4 f5 15. exf5 gxf5 16. g5 Ng6 17. Qf2 e5 18. Ne2 exf4 19. Nxf4 Qxg5 20. Kh1 Nxf4 21. Bxf4 Qf6 22. Ne3 Ne5 23. Nd5 Qf7 24. Qd2 Bc6 25. c4 Rce8 26. Rae1 Re6 27. Bg3 Rg6 28. Nf4 Rh6 29. b4 b6 30. b5 Bxg2+ 31. Qxg2 Ng4 32. Re2 Be5 33. Qf3 Rg8 34. a4 Nf6 35. Rfe1 Ng4 36. Rg2 Nf6 37. Ne2 Rhg6 38. Qxf5 Qb7 39. Rf1 Ng4 40. Qf3 Qxf3 41. Rxf3 Bxg3 42. Rgxg3 Ne5 43. Re3 Rf8 44. Rxg6 hxg6 45. Kg2 Kg7 46. Nc3 Kf6 47. Ne4+ Ke6 48. Ng5+ Kf5 49. Ne4 Ke6 50. Ng5+ Kf5 51. Ne4 Ke6 52. Nc3 Rf4 53. Ne2 Rf8 54. Nc3 Rf4 55. Ne2 Rf8 56. Nc3 Rf4 57. Ne2 Rf8 58. Nc3 Rf4 59. Nd5 Rf7 60. h3 Rf8 61. Re4 Kd7 62. Re2 Rf7 63. Re3 Rf5 64. Nc3 Rf7 65. Nd5 Rf5 66. Rg3 Rf7 67. Nc3 Rf4 68. Ne2 Rf5 69. Re3 Rf7 70. Nc3 Rf4 71. Ne2 Rf7 72. Rg3 Rf5 1/2-1/2

[Event "PER-ch 46th"]
[Site "Lima"]
[Date "1998.??.??"]
[Round "3"]
[White "Torres, Jean Pierre"]
[Black "Carbajal, Augusto"]
[Result "0-1"]
[WhiteElo "2205"]
[BlackElo "2240"]
[PlyCount "62"]
[EventDate "1998.??.??"]
[EventType "tourn"]
[EventRounds "8"]
[EventCountry "PER"]
[SourceTitle "EXT 2001"]
[Source "ChessBase"]
[SourceDate "2000.11.22"]
[SourceVersion "1"]
[SourceVersionDate "2000.11.22"]
[SourceQuality "1"]

1. e4 c5 2. Nf3 a6 3. c3 d6 4. d4 Nd7 5. a4 Qc7 6. Bd3 Ngf6 7. 0-0 e5 8. Re1 b6 9. Nbd2 g6 10. Nc4 Bg7 11. dxe5 dxe5 12. Bf1 0-0 13. Qd6 Qa7 14. Bg5 Re8 15. Bxf6 Bxf6 16. Qd2 Nf8 17. Qh6 Bg4 18. Ne3 Be6 19. Nd5 Bxd5 20. exd5 Qd7 21. Qd2 e4 22. Ng5 Qf5 23. Nh3 Nd7 24. Rad1 Kg7 25. Qf4 Qxf4 26. Nxf4 Bg5 27. Nh3 Bf6 28. g3 Ne5 29. Bg2 Nd3 30. Re2 c4 31. Bxe4 Nxb2 0-1